Dictionnaire alphabétique et analogique. Vol.1

Guardat en:
Dades bibliogràfiques
Autor principal: Paul Robert
Format: Llibre
Idioma:Undetermined
Publicat: Paris SNL. Le Robert 1966
Matèries:
Etiquetes: Afegir etiqueta
Sense etiquetes, Sigues el primer a etiquetar aquest registre!
Thư viện lưu trữ: Trung tâm Học liệu Trường Đại học Cần Thơ
LEADER 00502nam a2200181Ia 4500
001 CTU_26112
008 210402s9999 xx 000 0 und d
082 |a 443 
082 |b R639/Vol.1 
100 |a Paul Robert 
245 0 |a Dictionnaire alphabétique et analogique. Vol.1 
245 0 |c Paul Robert 
260 |a Paris 
260 |b SNL. Le Robert 
260 |c 1966 
650 |a french language - dictionaries 
904 |i Minh, 981008 
980 |a Trung tâm Học liệu Trường Đại học Cần Thơ